| 000 | 00510nam a2200181Ia 4500 | ||
|---|---|---|---|
| 003 | IN-BaIIA | ||
| 008 | 211028s9999 xx 000 0 eng d | ||
| 040 | _cIIA Library | ||
| 080 |
_a523.9 _bBIR |
||
| 100 |
_aBirkeland, K. R. _91408 |
||
| 245 | 0 |
_aRecherches sur les taches du soleil et leur origine (in French) _cK. R. Birkeland |
|
| 260 |
_aChristiania _bEn Commission Chez Jacob Dybwad _c1899 |
||
| 300 | _a173p | ||
| 650 | _aArchives | ||
| 650 |
_aSolar physics _91409 |
||
| 650 |
_aSun _91200 |
||
| 942 | _cBK | ||
| 999 |
_c651 _d651 |
||